Study on the quantitative characterrs in immature clones of Hevea brasiliensis by genetic methods (Record no. 69870)
[ view plain ]
| 000 -LEADER | |
|---|---|
| fixed length control field | 01304nam a2200205Ia 4500 |
| 100 ## - MAIN ENTRY--AUTHOR NAME | |
| Personal name | Hu JianGuang |
| 245 #0 - TITLE STATEMENT | |
| Title | Study on the quantitative characterrs in immature clones of Hevea brasiliensis by genetic methods |
| 260 ## - PUBLICATION, DISTRIBUTION, ETC. (IMPRINT) | |
| Name of publisher | Acta Agronomica Sinica |
| Year of publication | 1995 |
| 300 ## - PHYSICAL DESCRIPTION | |
| Number of Pages | 612-617 |
| 500 ## - GENERAL NOTE | |
| General note | Source Year: 1996 |
| 520 ## - SUMMARY, ETC. | |
| Summary, etc | For 13 characters in 16 clones, broad-sense heritability estimates, correlated heritabilities between the characters, genotypic and phenotypic coefficients of variation, and relative and absolute genetic advance were analysed and compared. The relative efficiency of indirect selection for test-tapping yield through other characters was estimated, and selection indexes for test-tapping yield were established on the basis of calculations of genetic correlations. The 3 characters judged the most important for selecting good seedlings were reference angle, plugging index and yield index, and the best selection index was the eleventh, which comprised these 3 characters and 2 others (specific leaf weight and primary bark thickness). |
| 650 ## - SUBJECT ADDED ENTRY--TOPICAL TERM | |
| Topical Term | Genetic correlation |
| 650 ## - SUBJECT ADDED ENTRY--TOPICAL TERM | |
| Topical Term | Hevea brasiliensis |
| 650 ## - SUBJECT ADDED ENTRY--TOPICAL TERM | |
| Topical Term | Immature clones |
| 700 ## - ADDED ENTRY--PERSONAL NAME | |
| Personal name | Lin Sheng |
| 700 ## - ADDED ENTRY--PERSONAL NAME | |
| Personal name | Zhang GenFa |
| 856 ## - ELECTRONIC LOCATION AND ACCESS | |
| Uniform Resource Identifier | PBA |
| 942 ## - ADDED ENTRY ELEMENTS (KOHA) | |
| Koha item type | Journals |
| Withdrawn status | Lost status | Damaged status | Not for loan | Home library | Current library | Shelving location | Date acquired | Serial Enumeration / chronology | Koha item type |
|---|---|---|---|---|---|---|---|---|---|
| Journals | RRII Library | RRII Library | Botany | 17/12/2021 | Volume 21, Issue 5 | Journals |